| 000 | 01215nam a2200313 a 4500 | ||
|---|---|---|---|
| 001 | BRL_1447 | ||
| 005 | 20190320211218.0 | ||
| 008 | 150114s1970----mx-a######---#000-0#spa-# | ||
| 041 | _aspa | ||
| 044 | _amx | ||
| 050 | 4 |
_aF1210 _b.M49 1970 |
|
| 245 | 1 | 0 |
_aMéxico _bleyendas - costumbres, trajes y danzas _cprólogo por el lic. Nemesio García Naranjo ; selección y comentarios por Luis Álvarez y Álvarez de la Cadena ; viñetas por Jesús Nieto Hernández ; cuadros en color por Pastor Velázquez... [et al.] |
| 250 | _a2a ed. | ||
| 260 |
_aMéxico _bJesús Medina _c1970 |
||
| 300 |
_axxiv, 458 p. _bil., láminas _c31 cm. |
||
| 500 | _aAu1737 | ||
| 500 | _aIncluye índice | ||
| 504 | _aBibliografía: p. vii-viii | ||
| 650 | 1 | 4 |
_aDanzas populares y nacionales mexicanas _926948 |
| 650 | 1 | 4 |
_aIndígenas de México _xIndumentaría _92447 |
| 651 | 4 |
_aMéxico _xVida social y costumbres _9769 |
|
| 651 | 4 |
_aMéxico _xHistoria _9614 |
|
| 700 | 1 |
_aGarcía Naranjo, Nemesio _epról. _926949 |
|
| 700 | 1 |
_aÁlvarez y Álvarez de la Cadena , Luis _ecuadros en color _926950 |
|
| 700 | 1 |
_aHernández Nieto, Jesús _eviñetas _926951 |
|
| 700 | 1 |
_aVelázquez, Pastor _926952 |
|
| 902 | _aGRL | ||
| 942 |
_2lcc _cB |
||
| 999 |
_c10257 _d10257 |
||